Kořeny e-businessu...

Nové trendy v oblasti elektronickej výmeny dát (EDI): Open-EDI, BSI (Business system interoperation), OO-EDI, SIMAC. Využitie jazyka XML vo výmene dát. Nový vznikajúci štandard XML/EDI.

Salvato in:
Dettagli Bibliografici
Autore principale: Honzák, Tomáš
Natura: Capitolo di libro
Lingua:ceco
Soggetti:
Tags: Aggiungi Tag
Nessun Tag, puoi essere il primo ad aggiungerne!!

MARC

LEADER 00000naa a2200000 4500
001 r038993
005 20230612100105.3
041 0 |a cze 
044 |a CZ 
245 1 0 |a Kořeny e-businessu...  |c Tomáš Honzák 
520 |a Nové trendy v oblasti elektronickej výmeny dát (EDI): Open-EDI, BSI (Business system interoperation), OO-EDI, SIMAC. Využitie jazyka XML vo výmene dát. Nový vznikajúci štandard XML/EDI. 
610 2 0 |a prenos dát 
610 2 0 |a ochrana dát 
610 2 0 |a EDI 
610 2 0 |a internet 
610 2 0 |a obchod elektronický 
610 2 0 |a štandardy 
610 2 0 |a štandardizácia 
610 2 0 |a technológie informačné 
610 2 0 |a technológie komunikačné 
610 2 0 |a XML 
610 2 0 |a jazyky programovacie 
610 2 0 |a technológie nové 
100 1 |a Honzák, Tomáš